Cestní dopravcovia trúbia na výstrahu

Výkony cestnej nákladnej dopravy na Slovensku kĺžu do nebezpečnej špirály. Odvetvie, od ktorého je závislý chod ekonomiky, čelí okrem dlhodobých výziev aj ochladeniu ekonomiky. Rastúce náklady je čoraz ťažšie premietnuť do cien a dopravcovia sa tak ocitajú nebezpečne vytláčaní z trajektórie udržateľ...

Descrizione completa

Salvato in:
Dettagli Bibliografici
Autore principale: Maťo, Vladimír
Natura: Capitolo di libro
Lingua:slovacco
Soggetti:
Tags: Aggiungi Tag
Nessun Tag, puoi essere il primo ad aggiungerne!!

MARC

LEADER 00000naa a2200000 4500
001 0313886
005 20260109105332.0
041 0 |a slo 
044 |a SK 
245 1 0 |a Cestní dopravcovia trúbia na výstrahu  |c Vladimír Maťo 
520 |a Výkony cestnej nákladnej dopravy na Slovensku kĺžu do nebezpečnej špirály. Odvetvie, od ktorého je závislý chod ekonomiky, čelí okrem dlhodobých výziev aj ochladeniu ekonomiky. Rastúce náklady je čoraz ťažšie premietnuť do cien a dopravcovia sa tak ocitajú nebezpečne vytláčaní z trajektórie udržateľného podnikania. 
610 2 0 |a doprava 
610 2 0 |a doprava automobilová nákladná 
610 2 0 |a ceny 
610 2 0 |a náklady 
610 2 0 |a dane cestné 
100 1 |a Maťo, Vladimír